| 000 | 01000nam a2200265Ia 4500 | ||
|---|---|---|---|
| 005 | 20140217111231.0 | ||
| 008 | 130821s2003 sp gs spa | ||
| 020 | _a8484428052 | ||
| 040 |
_aCo-BoUCM _bspa |
||
| 041 | 0 | 0 | _aspa |
| 100 | 1 | _aGallego Sánchez, Esperanza | |
| 245 | 1 | 0 |
_aContratación mercantil _cEsperanza Gallego Sánchez |
| 260 |
_aValencia (España) _bTirant lo Blanch _c2003 |
||
| 300 | _a3volúmenes | ||
| 504 | _aIncluye bibliografía | ||
| 505 |
_gV. 2 _tCuenta corriente, compraventa, mercado de valores, depósito, préstamo y Garnatía. -- _gV. 2 _tContratación bancaria. _gV. 3 _tTransporte, seguros, otros contratos. |
||
| 650 | 0 | 4 |
_aContratos comerciales _911829 |
| 650 | 0 | 4 |
_aDerecho comercial _912717 |
| 650 | 0 | 4 |
_aPersonas jurídicas _921447 |
| 650 | 0 | 4 |
_aPolítica crediticia _921933 |
| 650 | 0 | 4 |
_aPólizas de seguros _922083 |
| 650 | 0 | 4 |
_aSociedades anónimas _924733 |
| 942 |
_cMULTIMEDIA _2DEWEY _a8 _e1 _h346.07 _mG166c |
||
| 999 |
_c56179 _d56179 |
||